000 00666nam a2200229 a 4500
999 _c2347
_d2347
001 2347
003 BD-JhCC
005 20171101125952.0
008 171101s2007 bg ||||| |||| 00| 0 ben d
020 _a9847765073
035 _a(BD-JhCC)2347
040 _aBD-JhCC
_dBD-JhCC
041 _aben
082 _a891.443
_bCHO 2007
100 _aচৌধুরী, কাইজার
245 _aঘটেছিল একাত্তরে /
_c কাইজার চৌধুরী
260 _aঢাকা :
_bঐতিহ্য প্রকাশনী,
_c2007.
300 _a47 p. :
_c21 cm.
650 _aBengali Novel
942 _2ddc
_cBK